Statistics for Blitz 39: Long i: i-e, i,y,igh,ie

Click here to take the quiz!

General Stats

  • This quiz has been taken 9 times
  • The average score is 7 of 23

Answer Stats

HintAnswer% Correct
Let's go fly a ____! toy with a string that flieskite
100%
a transport with only two wheels that you can ridebicycle
67%
to cease to livedie
67%
this nighttonight
67%
to do the opposite of tieuntie
67%
to go around an object, to skip over an objectbypass
33%
number after fourfive
33%
sudden intense feeling of fearfright
33%
a person who takes long walks in the mountainshiker
33%
to be nicekind
33%
a less weight or colorlighter
33%
mini filmmicrofilm
33%
an instrument used to enlarge the image of small itemsmicroscope
33%
12 pm straight upmidnight
33%
to reuse something, to take something to be reusedrecycle
33%
to jump out of an airplane on purpose with a parachuteskydive
33%
a road that is considered less traveled than a freewayhighway
0%
desk top markicon
0%
state between Montana and WashingtonIdaho
0%
to cook something quickly in an oven which cook by radarsmicrowave
0%
to be extremely strongmighty
0%
another word for brain, using your brain or tending to our mannersmind
0%
the act of sneakily watching someone or snoopingspying
0%

Score Distribution

Percentile by Number Answered

Percent of People with Each Score

Your Score History

You have not taken this quiz